Wszystkie smaki skyrów pitnych Piątnica - Statystyki

Ogólne statystyki
  • Ten quiz został rozwiązany 39 razy
    28 od ostatniego zresetowania
  • Średni wynik to 8 z 15
Statystyki odpowiedzi
Smak % Poprawnych
Wanilia
92%
Jagoda
83%
Naturalny
83%
Wiśnia
71%
Limonka & Nuta Mięty
63%
Mango & Marakuja
63%
Truskawka & Kiwi
63%
Kokos & Ananas
54%
Wanilia & Stracciatella
46%
Nektarynka & Malina
42%
Gruszka & Stracciatella
38%
Mandarynka & Limonka
33%
Malina & Kawa
29%
Malina & Stracciatella
25%
Malina & Żurawina
17%
Nie znaleziono quizów pasujących do podanych kryteriów
Rozkład punktacji
Procent ludzi z każdym wynikiem
Percentyl według liczby udzielonych odpowiedzi
Twoja historia wyników
Nie rozwiązałeś tego quizu od ostatniego zresetowania